000
00251nam a22000977a 4500
008
231218b |||||||| |||| 00| 0 eng d
020
_a
1556612370
100
_a
Dave
_9
7740
245
_a
Spy for the Night Riders
260
_a
Minnesota
_b
Bethany House
_c
1992
999
_c
12523
_d
12523